000 005170000a22001810004500
003 MACL
005 20160311143427.0
008 160311b xxu||||| |||| 00| 0 eng d
040 _aMACL
_cMACL
041 _aHindi
082 _a891.433
100 _aचतुरसेन आचार्य
_937332
245 _aराजधर्म
260 _bसन्‍मार्ग प्रकाशन
_c1986
_aनई दिल्‍ली
350 _a32
650 _aNovel
_944951
942 _cHIN
_k891.433
_2ddc
999 _c28189
_d28189